00337nam a2200121 a 4500008004100000020001500041050001500056100001500071245006000086260003900146300002100185350000900206120416s1999 ||||||||||||||||| || u a0340731621 aTS 225 Bed aBeddoes, J10aPrinciples of metal manufacturing processcBy J Beddoes aLondonbHodder and Stoughtonc1999 aix, 326p. : ill. a0.00